UK's Largest Listed Companies - FTSE 100 - Statistics

General Stats
  • This quiz has been taken 85 times
  • The average score is 31 of 100
Answer Stats
Sector Company Ticker % Correct
Banks HSBC HSBA
88%
Oil & Gas BP BP
84%
Oil & Gas Shell SHEL
84%
Food & drug retailing Tesco TSCO
84%
Banks Barclays BARC
78%
Banks Lloyds Banking Group LLOY
76%
Pharmaceuticals & biotechnology AstraZeneca AZN
69%
Food & drug retailing Sainsbury's SBRY
67%
Telecommunications services BT Group BT-A
65%
General retailers JD Sports JD
65%
Mobile telecommunications Vodafone Group VOD
63%
Aerospace & Defense Rolls-Royce Holdings RR
61%
Tobacco British American Tobacco BATS
57%
General retailers Next NXT
57%
Food & drug retailing Marks & Spencer MKS
55%
Banks NatWest Group NWG
55%
Life insurance Phoenix Group PHNX
55%
Mining Rio Tinto RIO
53%
Personal goods Unilever ULVR
53%
Pharmaceuticals & biotechnology GSK GSK
51%
Life insurance Aviva AV
49%
Aerospace & Defense BAE Systems BA
49%
Travel & leisure International Airlines Group IAG
47%
Mining Glencore GLEN
43%
Life insurance Legal & General LGEN
41%
Banks Standard Chartered STAN
41%
Aerospace & Defense Babcock International BAB
39%
Travel & leisure EasyJet ENT
39%
Life insurance Prudential PRU
39%
Electrical utilities SSE SSE
39%
Insurance Admiral Group ADM
37%
Financial services London Stock Exchange Group LSEG
37%
Mining Anglo American AAL
35%
Beverages Coca-Cola Europacific Partners CCEP
35%
Beverages Coca-Cola HBC CCH
35%
Beverages Diageo DGE
35%
Food & tobacco Associated British Foods ABF
33%
Travel & leisure IHG Hotels & Resorts IHG
33%
Support services Experian EXPN
31%
Financial services Intermediate Capital Group ICG
31%
Industrial goods and services Weir Group WEIR
31%
Media WPP WPP
31%
Financial services 3i III
29%
Homebuilding & construction supplies Howdens Joinery HWDN
29%
Non-life Insurance Hiscox HSX
27%
Multiline utilities Centrica CNA
25%
Tobacco Imperial Brands IMB
25%
Software & computer services Sage Group SGE
25%
Mining Antofagasta ANTO
24%
Media Pearson PSON
24%
Real estate investment trusts Unite Group UTG
24%
Support services Bunzl BNZL
22%
Pharmaceuticals & biotechnology Haleon HLN
22%
Machinery, tools, heavy vehicles, trains & ships IMI IMI
22%
Financial services M&G MNG
22%
Multiline utilities National Grid NG
22%
Media RELX REL
22%
Media Auto Trader Group AUTO
20%
Financial services St. James's Place STJ
20%
Multiline utilities United Utilities UU
20%
Support services Compass Group CPG
18%
Support services DCC DCC
18%
Mining Fresnillo FRES
18%
Real estate investment trusts Segro SGRO
18%
Telecommunications services Airtel Africa AAF
16%
Chemicals Croda International CRDA
16%
Leisure Goods Games Workshop GAW
16%
Media Informa INF
16%
Retailers Kingfisher KGF
16%
Aerospace & Defense Melrose Industries MRO
16%
Financial services Pershing Square Holdings PSH
16%
Household goods & home construction Persimmon PSN
16%
Multiline utilities Severn Trent SVT
16%
General industrials Smiths Group SMIN
16%
Household goods & home construction Taylor Wimpey TW
16%
Retail hospitality Whitbread WTB
16%
Household goods & home construction Barratt Redrow BTRW
14%
Household goods & home construction Berkeley Group Holdings BKG
14%
Electronic equipment Halma HLMA
14%
Real estate investment trusts Land Securities LAND
14%
Household goods & home construction Reckitt RKT
14%
Media Rightmove RMV
14%
Collective investments Scottish Mortgage Investment Trust SMT
14%
Health care equipment Smith & Nephew SN
14%
Industrial engineering Spirax Group SPX
14%
Investment trusts Alliance Witan ALW
12%
Travel & leisure Entain EDV
12%
Containers & packaging Mondi MNDI
12%
Support services Rentokil Initial RTO
12%
Support services Ashtead Group AHT
10%
Insurance Beazley BEZ
10%
Health care equipment Convatec CTEC
10%
Industrial Support services Diploma DPLM
10%
Precious Metals and Mining Endeavour Mining EZJ
10%
Pharmaceuticals & biotechnology Hikma Pharmaceuticals HIK
10%
Support services Intertek ITRK
10%
Financial services Schroders SDR
10%
Investment trusts Polar Capital Technology Trust PCT
8%
Collective investments F & C Investment Trust FCIT
6%
Real estate investment trusts LondonMetric Property LMP
6%
No matching quizzes found
Score Distribution
Percent of People with Each Score
Percentile by Number Answered
Your Score History
You have not taken this quiz